Flexible Assembly Systems /

Salvato in:
Dettagli Bibliografici
Autori principali: Andreasen, M.Myrup (Autore), Ahm, T (Autore)
Natura: Libro
Lingua:inglese
Pubblicazione: Berlin : Springer Verlag, 1988
Soggetti:
Tags: Aggiungi Tag
Nessun Tag, puoi essere il primo ad aggiungerne!!

MARC

LEADER 00000nam a22000003a 4500
001 stu42436
005 20150617225720.5
008 940405s1988----gw------------------eng-d
020 |a 3-540-50246-7 
040 |a STU  |b slo 
041 0 |a eng 
044 |a gw 
080 |a 65.012.3  |7 stu_us_auth*stu4972 
100 1 |a Andreasen, M.Myrup  |4 aut 
245 1 |a Flexible Assembly Systems /  |c [aut.]M.Myrup Andreasen, T. Ahm 
260 |a Berlin :  |b Springer Verlag,  |c 1988 
300 |a 251 s 
650 7 |a systémy výrobné pružné  |2 stusub 
700 1 |a Ahm, T  |4 aut 
996 |b 284M030856  |c M*8538-1  |l MMKN  |s A  |a 24  |w stu42436_0001